Collisions between Liquid Drops of Various Shapes in a Gas Flow; Technical Physics Letters; Vol. 45, iss. 3

Dades bibliogràfiques
Parent link:Technical Physics Letters
Vol. 45, iss. 3.— 2019.— [P. 267-270]
Autor principal: Kuznetsov G. V. Geny Vladimirovich
Autor corporatiu: Национальный исследовательский Томский политехнический университет Инженерная школа энергетики Научно-образовательный центр И. Н. Бутакова (НОЦ И. Н. Бутакова)
Altres autors: Strizhak P. A. Pavel Alexandrovich
Sumari:Title screen
We have experimentally studied the interaction between water drops of various surface configurations moving in a gas medium. Results of high-speed video monitoring provide a database on these collisions (in coagulation, expansion, and fragmentation regimes) for particles of spherical, oblate, and elongated ellipsoids. It is established that a determining role belongs to the surface configuration of drops (in addition to traditional notions about the influence of their dimensions, velocities, and angle of attack). The values of Weber numbers have been calculated for description of the conditions of interaction between drops of various shapes.
Режим доступа: по договору с организацией-держателем ресурса
Idioma:anglès
Publicat: 2019
Matèries:
Accés en línia:https://doi.org/10.1134/S1063785019030301
Format: MixedMaterials Electrònic Capítol de llibre
KOHA link:https://koha.lib.tpu.ru/cgi-bin/koha/opac-detail.pl?biblionumber=662718

MARC

LEADER 00000naa0a2200000 4500
001 662718
005 20250410131150.0
035 |a (RuTPU)RU\TPU\network\33874 
035 |a RU\TPU\network\31175 
090 |a 662718 
100 |a 20200925d2019 k||y0rusy50 ba 
101 0 |a eng 
135 |a drcn ---uucaa 
181 0 |a i  
182 0 |a b 
200 1 |a Collisions between Liquid Drops of Various Shapes in a Gas Flow  |d Столкновения капель жидкости разной формы в газовом потоке  |f G. V. Kuznetsov, P. A. Strizhak 
203 |a Text  |c electronic 
300 |a Title screen 
320 |a [References: 10 tit.] 
330 |a We have experimentally studied the interaction between water drops of various surface configurations moving in a gas medium. Results of high-speed video monitoring provide a database on these collisions (in coagulation, expansion, and fragmentation regimes) for particles of spherical, oblate, and elongated ellipsoids. It is established that a determining role belongs to the surface configuration of drops (in addition to traditional notions about the influence of their dimensions, velocities, and angle of attack). The values of Weber numbers have been calculated for description of the conditions of interaction between drops of various shapes. 
333 |a Режим доступа: по договору с организацией-держателем ресурса 
461 |t Technical Physics Letters 
463 |t Vol. 45, iss. 3  |v [P. 267-270]  |d 2019 
510 1 |a Столкновения капель жидкости разной формы в газовом потоке  |z rus 
610 1 |a электронный ресурс 
610 1 |a труды учёных ТПУ 
700 1 |a Kuznetsov  |b G. V.  |c Specialist in the field of heat power energy  |c Professor of Tomsk Polytechnic University, Doctor of Physical and Mathematical Sciences  |f 1949-  |g Geny Vladimirovich  |3 (RuTPU)RU\TPU\pers\31891  |9 15963 
701 1 |a Strizhak  |b P. A.  |c Specialist in the field of heat power energy  |c Doctor of Physical and Mathematical Sciences (DSc), Professor of Tomsk Polytechnic University (TPU)  |f 1985-  |g Pavel Alexandrovich  |3 (RuTPU)RU\TPU\pers\30871  |9 15117 
712 0 2 |a Национальный исследовательский Томский политехнический университет  |b Инженерная школа энергетики  |b Научно-образовательный центр И. Н. Бутакова (НОЦ И. Н. Бутакова)  |3 (RuTPU)RU\TPU\col\23504  |9 28320 
801 2 |a RU  |b 63413507  |c 20200925  |g RCR 
856 4 |u https://doi.org/10.1134/S1063785019030301 
942 |c CF